| 000 | 01186nam a2200325 i 4500 | ||
|---|---|---|---|
| 001 | 000026856 | ||
| 003 | DO-SdBNP | ||
| 005 | 20260305073951.0 | ||
| 007 | ta | ||
| 008 | 110325s1977 dr ab r 000 0 spa d | ||
| 040 |
_aDO-SdBNP _bspa _cBNPHU _erda |
||
| 082 | 4 |
_a972.93 _bM938m _222 |
|
| 100 | 1 |
_aMoya Pons, Frank, _d1944- _eautor _92095 |
|
| 245 | 1 | 0 |
_aManual de historia dominicana / _cFrank Moya Pons. |
| 264 |
_aSanto Domingo : _bAcademia Dominicana de la Historia, _c1977. |
||
| 300 |
_a640 páginas ; _c22 cm. |
||
| 336 |
_2rdacontent _atexto _btxt |
||
| 337 |
_2rdamedia _asin mediación _bn |
||
| 338 |
_2rdacarrier _avolumen _bnc |
||
| 490 | 0 |
_aAcademia Dominicana de la Historia _v44 |
|
| 500 | _aIncluye índice onomástico y analítico | ||
| 504 | _aBibliografía : p. 555-583 | ||
| 590 | _aInventariado, 2020/BT | ||
| 651 | 4 |
_aRepública Dominicana _xHistoria _9170 |
|
| 651 | 4 |
_aRepública Dominicana _xCondiciones económicas _xHistoria _91210 |
|
| 651 | 4 |
_aRepública Dominicana _xCondiciones sociales _xHistoria _91211 |
|
| 651 | 4 |
_aIsla Española (Haití y República Dominicana) _xHistoria _91212 |
|
| 910 | _aValidado. Control de calidad MFF | ||
| 942 |
_2ddc _cLBS1 |
||
| 999 |
_c26348 _d26348 |
||